Así en la vida como en la muerte

Furkejuvvon:
Bibliográfalaš dieđut
Váldodahkki: Hurtado, Gerardo César
Materiálatiipa: Girji
Giella:Undetermined
Almmustuhtton: San José, Costa Rica Universidad de Costa Rica 1975
Fáttát:
Fáddágilkorat: Lasit fáddágilkoriid
Eai fáddágilkorat, Lasit vuosttaš fáddágilkora!

MARC

LEADER 00000nam a2200000Ia 4500
008 170316s9999 xx 000 0 und d
040 |a cru BVZT 
090 |a 868 H-4a 
100 |a Hurtado, Gerardo César  |9 2019 
245 |a Así en la vida como en la muerte  |c / Gerardo César Hurtado 
260 |a San José, Costa Rica  |b Universidad de Costa Rica  |c 1975 
300 |a 284 páginas 
650 |a LITERATURA COSTARRICENSE  |9 17 
999 |c 11205  |d 11205 
942 |c 15 D  |h 868 H-4a  |2 z